000 00421nam a2200157Ia 4500
001 59970
008 160622n ii |||gr||||Z||||||hin
082 _a928
100 _aSingh,
_eAshok Kumar.
245 0 _aRaghubir Singh
_cAshok Kumar Singh
_hTextual Documents
260 _aNew Delhi:
_bSahitya Academi.
300 _a127p:
_c23cm.
653 _aBiography - Raghubir Singh
653 _aG - Biography
942 _2ddc
_cBK
999 _c59845
_d59845